Organic synthesis via organometallics (OSM 4) : (Record no. 154014)

MARC details
000 -LEADER
fixed length control field 01027nam a2200277 a 4500
008 - FIXED-LENGTH DATA ELEMENTS--GENERAL INFORMATION
fixed length control field
020 ## - INTERNATIONAL STANDARD BOOK NUMBER
International Standard Book Number 3528064811 (cased)
049 ## - LOCAL HOLDINGS (OCLC)
Holding library MAIN
090 01 - LOCALLY ASSIGNED LC-TYPE CALL NUMBER (OCLC); LOCAL CALL NUMBER (RLIN)
Classification number (OCLC) (R) ; Classification number, CALL (RLIN) (NR) QD262
003 - CONTROL NUMBER IDENTIFIER
control field
005 - DATE AND TIME OF LATEST TRANSACTION
control field 20230123133742.0
040 ## - CATALOGING SOURCE
Transcribing agency NUST
245 00 - TITLE STATEMENT
Title Organic synthesis via organometallics (OSM 4) :
Remainder of title proceedings of the fourth symposium in Aachen, July 15 to 18, 1992 /
Statement of responsibility, etc. edited by Dieter Enders, Hans-Joachim Gais, Wilhelm Keim.
260 ## - PUBLICATION, DISTRIBUTION, ETC.
Place of publication, distribution, etc. Aachen :
Name of publisher, distributor, etc. Vieweg,
Date of publication, distribution, etc. c1992.
300 ## - PHYSICAL DESCRIPTION
Extent viii, 223 p. :
Other physical details ill. ;
Dimensions 23 cm.
500 ## - GENERAL NOTE
General note Half title: Advances in organic synthesis via organometallics.
504 ## - BIBLIOGRAPHY, ETC. NOTE
Bibliography, etc. note Includes bibliographical references.
650 #0 - SUBJECT ADDED ENTRY--TOPICAL TERM
Topical term or geographic name entry element Organic compounds
General subdivision Synthesis
Form subdivision Congresses.
650 #0 - SUBJECT ADDED ENTRY--TOPICAL TERM
Topical term or geographic name entry element Organometallic compounds
Form subdivision Congresses.
700 1# - ADDED ENTRY--PERSONAL NAME
Personal name Enders, Dieter.
700 1# - ADDED ENTRY--PERSONAL NAME
Personal name Gais, Hans-Joachim.
700 ## - ADDED ENTRY--PERSONAL NAME
Personal name Keim, Wilhelm.
740 0# - ADDED ENTRY--UNCONTROLLED RELATED/ANALYTICAL TITLE
Uncontrolled related/analytical title Advances in organic synthesis via organometallics.
907 ## - LOCAL DATA ELEMENT G, LDG (RLIN)
a .b1012777x
b 22-06-04
c 17-06-04
942 ## - ADDED ENTRY ELEMENTS (KOHA)
Koha item type Ordinary Loan Books
Call number prefix QD262
Holdings
Date last seen Total Checkouts Full call number Barcode Cost, replacement price Price effective from Koha item type Lost status Source of classification or shelving scheme Damaged status Not for loan Collection Withdrawn status Home library Current library Shelving location Date acquired Cost, normal purchase price
01/23/2023   QD262 ORG 92003020558 80.00 01/23/2023 BOOKS   LCC     NFIC   MAIN MAIN GEN 01/23/2023 80.00